000
00316 a2200157 4500
001
162933
020
_a
040
_c
Magnum
100
_a
Cerqueira, Rui
240
1
0
_a
Anfibio e repteis
_l
por
245
1
0
_a
Anfibio e repteis
362
0
_a
1899
440
1
_a
Salamandra
697
_a
SERES VIVOS
942
_c
BK
999
_c
162933
_d
162933